Statistics for Gamer1162's Famous Dictators Quiz - #2

Click here to take the quiz!

General Stats

  • This quiz has been taken 130 times
  • The average score is 8 of 22

Answer Stats

DictatorCountry% Correct
Indira GandhiIndia
100%
Genghis KhanMongolia
89%
Hideki TojoJapan
75%
Enver HoxhaAlbania
61%
Mohammad Reza PahlaviIran
60%
Ismail Enver PashaOttoman Empire
49%
Jean-Bédel BokassaCentral African Republic
41%
Samuel DoeLiberia
35%
Macias NguemaEquatorial Guinea
31%
Mohamed Siad BarreSomalia
26%
Juvénal HabyarimanaRwanda
25%
Pavlo LazarenkoUkraine
24%
Hissene HabreChad
21%
Antonín NovotnyCzechoslovakia
19%
Gnassinbe EyademaTogo
17%
Luiz García Meza TejadaBolivia
16%
Sani AbachaNigeria
15%
Jose MonttGuatemala
14%
Joseph EstradaPhilippines
13%
María Velasco IbarraEcuador
12%
Sitiveni RabukaFiji
12%
Arnoldo AlemánNicaragua
11%

Score Distribution

Percentile by Number Answered

Percent of People with Each Score

Your Score History

You have not taken this quiz